Statistics for Which Math Sign Completes The Equation #1

Click here to take the quiz!

General Stats

  • This quiz has been taken 6 times
  • The average score is 14 of 15

Answer Stats

HintAnswer% Correct
41 _ 7 + 7 + 7 = 861Multiplication
100%
2 _ 19 = 38Multiplication
100%
0 _ 9 + 8 - 17 = -9Multiplication
100%
21 - 44 + 76 _ 9 = 44Subtraction
100%
100 _ 40 + 40 = 100Subtraction
100%
89 - 0 x 0 - 0 _ 1 = 88Subtraction
100%
999,999,999,999,999 _ 999,999,999,999,899 = 100Subtraction
100%
8 - 7 - 1 _ 8 = 8Addition
83%
1454 + 6 _ 563 = 2023Addition
83%
96,897,642 _ 12,543 = 96,910,185Addition
83%
19 _ 2 = 9.5Division
83%
100,000,000 _ 5 + 1,000 = 20,001,000Division
83%
999 _ 999 = 1Division
83%
8 + 8 + 8 + 8 + 8 _ 8 + 8 + 8 + 8 + 8 = 80Multiplication
83%
41 x 7 _ 7 + 7 = 301Addition
67%

Score Distribution

Percentile by Number Answered

Percent of People with Each Score

Your Score History

You have not taken this quiz